000 00423nam a2200181Ia 4500
000 00746ngmaa2200277 a 4500
003 RNL
006 g||||fr|||| a0| fz
007 hj bfb|||baap
008 090707b ii f a fnsan d
040 _aeng
100 _aGhuman, Bikram Singh
245 _aSahit sanchar ate sabhiachar
260 _aAmritsar
260 _bWaris Shah Foundation
260 _c2003
942 _cBK
999 _c20659
_d20659